| 000 | 00721cam a2200229 a 4500 | ||
|---|---|---|---|
| 001 | 000009843 | ||
| 005 | 20200929161728.0 | ||
| 008 | 931116s1989 cu 000 d spa d | ||
| 040 |
_aDO-SdBNP _dBNPHU |
||
| 082 |
_aCu862.44 _bV443c |
||
| 100 | 1 |
_aVeloso, Antonio. _924759 |
|
| 245 | 1 | 0 |
_aCrimen en Noche de mascaras / _cAntonio Veloso y Rodolfo Pérez Valero ; edición, Esther Acosta. |
| 260 |
_aLa Habana : _bLetras Cubanas, _c1989. |
||
| 300 |
_a112 p. ; _c18 cm. |
||
| 490 | 1 | _aEspiral | |
| 650 | 4 |
_aTeatro cubano _924517 |
|
| 650 | 4 |
_aLiteratura cubana _91483 |
|
| 700 | 1 |
_aPérez Valero, Rodolfo. _924760 |
|
| 700 | 1 |
_aAcosta, Esther, _eed. _924761 |
|
| 830 | 0 |
_aEspiral _914718 |
|
| 910 | _aCatalogación derivada | ||
| 999 |
_c9602 _d9602 |
||